Fundamentals of Flight (Record no. 2137)

000 -LEADER
fixed length control field 00562nam a2200205 a 4500
003 - CONTROL NUMBER IDENTIFIER
control field PK-NaQUE
005 - DATE AND TIME OF LATEST TRANSACTION
control field 20251014092042.0
008 - FIXED-LENGTH DATA ELEMENTS--GENERAL INFORMATION
fixed length control field 251014b ||||| |||| 00| 0 eng d
020 ## - INTERNATIONAL STANDARD BOOK NUMBER
International Standard Book Number 8177587420 (paperback)
020 ## - INTERNATIONAL STANDARD BOOK NUMBER
International Standard Book Number 9788177587425 (paperback)
040 ## - CATALOGING SOURCE
Transcribing agency QUEST
100 1# - MAIN ENTRY--PERSONAL NAME
Personal name Shevell, Richard S.
245 10 - TITLE STATEMENT
Title Fundamentals of Flight
250 ## - EDITION STATEMENT
Edition statement 2nd edition.
260 ## - PUBLICATION, DISTRIBUTION, ETC. (IMPRINT)
Place of publication, distribution, etc New Jersey:
Name of publisher, distributor, etc Pearson,
Date of publication, distribution, etc 2009.
300 ## - PHYSICAL DESCRIPTION
Extent 438p. ;
650 ## - SUBJECT ADDED ENTRY--TOPICAL TERM
Topical term or geographic name as entry element Aerodynamics
856 40 - ELECTRONIC LOCATION AND ACCESS
Uniform Resource Identifier http://10.10.170.122:8080/browse/book/28681
Link text Download eBook
942 ## - ADDED ENTRY ELEMENTS (KOHA)
Koha item type Books
Source of classification or shelving scheme
Holdings
Withdrawn status Lost status Damaged status Not for loan Permanent Location Current Location Date acquired Cost, normal purchase price Full call number Barcode Date last seen Koha item type Source of classification or shelving scheme Collection code Price effective from
        Central Library, QUEST, Nawabshah Central Library, QUEST, Nawabshah 2014-05-09 1420.00 629.1SHE 46689 2014-05-09 Books     2014-05-09
        Central Library, QUEST, Nawabshah Central Library, QUEST, Nawabshah 2014-05-09 1420.00 629.1SHE 46690 2014-05-09 Books     2014-05-09
        Central Library, QUEST, Nawabshah Central Library, QUEST, Nawabshah 2014-05-09 1420.00 629.1SHE 46691 2014-05-09 Books     2014-05-09
        Central Library, QUEST, Nawabshah Central Library, QUEST, Nawabshah 2014-05-09 1420.00 629.1SHE 46692 2014-05-09 Books     2014-05-09
        Central Library, QUEST, Nawabshah Central Library, QUEST, Nawabshah 2014-05-09 1420.00 629.1SHE 46694 2014-05-09 Books     2014-05-09
        Central Library, QUEST, Nawabshah Central Library, QUEST, Nawabshah 2014-05-09 1420.00 629.1SHE 46695 2014-05-09 Books     2014-05-09
        Central Library, QUEST, Nawabshah Central Library, QUEST, Nawabshah 2014-06-19   629.1SHE 25613 2025-10-14 Books     2025-10-14
        Central Library, QUEST, Nawabshah Central Library, QUEST, Nawabshah 2014-09-11 396.00 629.1SHE 16974 2025-10-14 Books     2025-10-14
        Central Library, QUEST, Nawabshah Central Library, QUEST, Nawabshah 2014-09-11 396.00 629.1SHE 16975 2025-10-14 Books     2025-10-14
        Reference Section Reference Section 2014-05-09 1420.00 629.1SHE (Shelf - 78B) 46687 2014-05-09 Books   Reference  
        Reference Section Reference Section 2014-05-09 1420.00 629.1SHE (Shelf - 78B) 46688 2014-05-09 Books   Reference  
        Seminar Library, Mechanical Engg. Seminar Library, Mechanical Engg. 2014-05-09 1420.00 629.1SHE 46686 2014-05-09 Books      
        Seminar Library, Mechanical Engg. Seminar Library, Mechanical Engg. 2014-05-09 1420.00 629.1SHE 46693 2014-05-09 Books      
        Seminar Library, Mechanical Engg. Seminar Library, Mechanical Engg. 2014-05-28 1028.00 629.1SHE 39390 2025-10-14 Books     2025-10-14
        Seminar Library, Mechanical Engg. Seminar Library, Mechanical Engg. 2014-05-28 1028.00 629.1SHE 39391 2025-10-14 Books     2025-10-14
        Seminar Library, Mechanical Engg. Seminar Library, Mechanical Engg. 2014-05-28 1028.00 629.1SHE 39392 2025-10-14 Books     2025-10-14

Copyright © 2018,The QUEST, Nawabshah, Shaheed Benazirabad. All rights reserved
Mr. G. Farooq Channar (Librarian) QUEST, Nawabshah, Sindh, Pakistan 67480.
 Ph#: |   0244-9370381-4 Ext. 2308   Email| lib@quest.edu.pk   Web|  http://www.quest.edu.pk